Strange Element Symbols - Statistics

General Stats
  • This quiz has been taken 27 times
  • The average score is 10 of 11
Answer Stats
Symbol Element % Correct
Au Gold
100%
Fe Iron
100%
K Potassium
100%
Cu Copper
95%
Ag Silver
95%
Na Sodium
95%
Pb Lead
90%
W Tungsten
90%
Sn Tin
86%
Hg Mercury
81%
Sb Antimony
71%
No matching quizzes found
Score Distribution
Percent of People with Each Score
Percentile by Number Answered
Your Score History
You have not taken this quiz